| 000 | 01074nam a22003257a 4500 | ||
|---|---|---|---|
| 001 | BR7803875 | ||
| 003 | BR-BrBNA | ||
| 005 | 20230928085630.0 | ||
| 007 | ta | ||
| 008 | 230509b bl.||||| |||| 00| 0 por d | ||
| 040 |
_aBR-BrBNA _bpor _cBiblioteca Nacional de Agricultura |
||
| 041 | _a(Por) | ||
| 072 |
_aF30; F60; A50 _b0336 _b/G514 |
||
| 090 | _ 0336 BR7803875 | ||
| 110 | 1 |
_aCentro Nacional de Pesquisa de Soja, Londrina, PR (Brasil); _91793 |
|
| 110 | 1 | _aEmpresa Catarinense de Pesquisa Agropecuaria S.A., Florianopolis, SC (Brasil) | |
| 111 | 1 |
_a6. Reuniao de Pesquisa de Soja da Regiao Sul _cFlorianopolis, SC (Brazil) _d31 Jul 1978 |
|
| 245 | 1 | _aAta da 6. Reuniao de Pesquisa de Soja da Regiao Sul [Glycine max; Brasil] | |
| 260 | 3 |
_aFlorianopolis, SC (Brasil): _c1978. |
|
| 300 | _a113 p. | ||
| 650 | _aMelhoramento genetico vegetal | ||
| 650 | _aFisiologia vegetal | ||
| 650 | _aPesquisa | ||
| 650 | _aSoja | ||
| 650 | _aNutricao vegetal | ||
| 650 | _aVariedade | ||
| 650 | _aRegiao Sul | ||
| 909 |
_a202309 _bLucia _c55 _dLucia Elande |
||
| 942 | _cBK | ||
| 999 |
_c25483 _d25483 |
||